<?xml version="1.0" encoding="UTF-8"?>
<record
    xmlns:xsi="http://www.w3.org/2001/XMLSchema-instance"
    xsi:schemaLocation="http://www.loc.gov/MARC21/slim http://www.loc.gov/standards/marcxml/schema/MARC21slim.xsd"
    xmlns="http://www.loc.gov/MARC21/slim">

  <leader>00409nam a22001457a 4500</leader>
  <controlfield tag="005">20170420113535.0</controlfield>
  <controlfield tag="008">170420b        xxu||||| |||| 00| 0 eng d</controlfield>
  <datafield tag="040" ind1=" " ind2=" ">
    <subfield code="c">PK-LaUMT</subfield>
  </datafield>
  <datafield tag="082" ind1=" " ind2=" ">
    <subfield code="a">ZIAC 297.09</subfield>
    <subfield code="b">ABI-K</subfield>
  </datafield>
  <datafield tag="100" ind1=" " ind2=" ">
    <subfield code="a">&#x627;&#x628;&#x6CC; &#x639;&#x645;&#x631; &#x627;&#x62D;&#x645;&#x62F;</subfield>
  </datafield>
  <datafield tag="245" ind1=" " ind2=" ">
    <subfield code="a">&#x6A9;&#x62A;&#x627;&#x628; &#x627;&#x644;&#x639;&#x642;&#x62F;&#x627;&#x644;&#x641;&#x631;&#x6CC;&#x62F; /</subfield>
    <subfield code="c">&#x627;&#x628;&#x6CC; &#x639;&#x645;&#x631; &#x627;&#x62D;&#x645;&#x62F;</subfield>
  </datafield>
  <datafield tag="260" ind1=" " ind2=" ">
    <subfield code="a">&#x642;&#x627;&#x6C1;&#x631;&#x6C1;:</subfield>
    <subfield code="b">&#x645;&#x637;&#x628;&#x639;&#x6C3; &#x644;&#x62C;&#x646;&#x6C3; &#x60C;</subfield>
    <subfield code="c">1965</subfield>
  </datafield>
  <datafield tag="300" ind1=" " ind2=" ">
    <subfield code="a">411&#x635;</subfield>
  </datafield>
  <datafield tag="942" ind1=" " ind2=" ">
    <subfield code="c">BK</subfield>
  </datafield>
  <datafield tag="999" ind1=" " ind2=" ">
    <subfield code="c">92775</subfield>
    <subfield code="d">92775</subfield>
  </datafield>
  <datafield tag="952" ind1=" " ind2=" ">
    <subfield code="0">0</subfield>
    <subfield code="1">0</subfield>
    <subfield code="4">0</subfield>
    <subfield code="7">0</subfield>
    <subfield code="a">01</subfield>
    <subfield code="b">01</subfield>
    <subfield code="d">2017-04-20</subfield>
    <subfield code="l">0</subfield>
    <subfield code="o">ZIAC 297.09 ABI-K</subfield>
    <subfield code="p">107521</subfield>
    <subfield code="r">2017-04-20 00:00:00</subfield>
    <subfield code="t">Vol. 1</subfield>
    <subfield code="w">2017-04-20</subfield>
    <subfield code="y">BK</subfield>
  </datafield>
  <datafield tag="952" ind1=" " ind2=" ">
    <subfield code="0">0</subfield>
    <subfield code="1">0</subfield>
    <subfield code="4">0</subfield>
    <subfield code="7">0</subfield>
    <subfield code="a">01</subfield>
    <subfield code="b">01</subfield>
    <subfield code="d">2017-04-20</subfield>
    <subfield code="l">0</subfield>
    <subfield code="o">ZIAC 297.09 ABI-K</subfield>
    <subfield code="p">107524</subfield>
    <subfield code="r">2017-04-20 00:00:00</subfield>
    <subfield code="t">Vol. 2</subfield>
    <subfield code="w">2017-04-20</subfield>
    <subfield code="y">BK</subfield>
  </datafield>
  <datafield tag="952" ind1=" " ind2=" ">
    <subfield code="0">0</subfield>
    <subfield code="1">0</subfield>
    <subfield code="4">0</subfield>
    <subfield code="7">0</subfield>
    <subfield code="a">01</subfield>
    <subfield code="b">01</subfield>
    <subfield code="d">2017-04-20</subfield>
    <subfield code="l">0</subfield>
    <subfield code="o">ZIAC 297.09 ABI-K</subfield>
    <subfield code="p">107523</subfield>
    <subfield code="r">2017-04-20 00:00:00</subfield>
    <subfield code="t">Vol. 3</subfield>
    <subfield code="w">2017-04-20</subfield>
    <subfield code="y">BK</subfield>
  </datafield>
  <datafield tag="952" ind1=" " ind2=" ">
    <subfield code="0">0</subfield>
    <subfield code="1">0</subfield>
    <subfield code="4">0</subfield>
    <subfield code="7">0</subfield>
    <subfield code="a">01</subfield>
    <subfield code="b">01</subfield>
    <subfield code="d">2017-04-20</subfield>
    <subfield code="l">0</subfield>
    <subfield code="o">ZIAC 297.09 ABI-K</subfield>
    <subfield code="p">107525</subfield>
    <subfield code="r">2017-04-20 00:00:00</subfield>
    <subfield code="t">Vol. 4</subfield>
    <subfield code="w">2017-04-20</subfield>
    <subfield code="y">BK</subfield>
  </datafield>
  <datafield tag="952" ind1=" " ind2=" ">
    <subfield code="0">0</subfield>
    <subfield code="1">0</subfield>
    <subfield code="4">0</subfield>
    <subfield code="7">0</subfield>
    <subfield code="a">01</subfield>
    <subfield code="b">01</subfield>
    <subfield code="d">2017-04-20</subfield>
    <subfield code="l">0</subfield>
    <subfield code="o">ZIAC 297.09 ABI-K</subfield>
    <subfield code="p">107522</subfield>
    <subfield code="r">2017-04-20 00:00:00</subfield>
    <subfield code="t">Vol. 5</subfield>
    <subfield code="w">2017-04-20</subfield>
    <subfield code="y">BK</subfield>
  </datafield>
</record>
